| 000 | 01246cam a2200349 a 4500 | ||
|---|---|---|---|
| 001 | 15880611 | ||
| 003 | Nust- CAS-E | ||
| 005 | 20180118181400.0 | ||
| 008 | 090825s2010 enka b 001 0 eng | ||
| 010 | _a 2009032851 | ||
| 020 | _a9781844079124 | ||
| 020 | _a1844079120 | ||
| 020 | _a9781849710725 | ||
| 020 | _a1849710724 | ||
| 035 | _a(OCoLC)ocn434437735 | ||
| 040 |
_aDLC _cDLC _dBTCTA _dYDXCP _dBWKUK _dBWK _dCDX _dCUT _dDLC |
||
| 050 | 0 | 0 |
_aTJ163.3 _b.H38 2010 |
| 082 | 0 | 0 |
_a333.79 _222 _b2010 HAR |
| 100 | 1 |
_aHarvey, Leslie Daryl Danny, _d1956- |
|
| 245 | 1 | 0 |
_aEnergy and the new reality 1 : _benergy efficiency and the demand for energy services / _cL.D. Danny Harvey. |
| 246 | 3 | _aEnergy efficiency and the demand for energy services | |
| 260 |
_aLondon ; _aWashington, DC : _bEarthscan, _c2010. |
||
| 300 |
_ali, 614 p. : _bill. ; _c26 cm. |
||
| 504 | _aIncludes bibliographical references and index. | ||
| 504 | _aIncludes web resources. | ||
| 650 | 0 | _aEnergy conservation. | |
| 650 | 0 | _aEnergy consumption. | |
| 650 | 0 |
_aClimatic changes _xPrevention. |
|
| 906 |
_a7 _bcbc _corignew _d1 _eecip _f20 _gy-gencatlg |
||
| 942 |
_2ddc _cBK |
||
| 999 |
_c355379 _d355379 |
||